Skvalitnenie účtovných informácií vykazovaných v účtovných závierkach zostavených v súlade s IFRS účtovnými jednotkami v SR
Účtovné informácie vykazované v účtovných závierkach zostavovaných v súlade s IFRS účtovnými jednotkami v Slovenskej republike.
Salvato in:
| Autore principale: | |
|---|---|
| Natura: | Capitolo di libro |
| Lingua: | slovacco |
| Soggetti: | |
| Tags: |
Nessun Tag, puoi essere il primo ad aggiungerne!!
|
MARC
| LEADER | 00000naa a2200000 4500 | ||
|---|---|---|---|
| 001 | 0241662 | ||
| 005 | 20240502073933.3 | ||
| 041 | 0 | |a slo | |
| 044 | |a SK | ||
| 245 | 1 | 0 | |a Skvalitnenie účtovných informácií vykazovaných v účtovných závierkach zostavených v súlade s IFRS účtovnými jednotkami v SR |c Daša Mokošová |
| 520 | |a Účtovné informácie vykazované v účtovných závierkach zostavovaných v súlade s IFRS účtovnými jednotkami v Slovenskej republike. | ||
| 610 | 2 | 0 | |a štandardy účtovné medzinárodné |
| 610 | 2 | 0 | |a Slovensko |
| 610 | 2 | 0 | |a harmonizácia |
| 610 | 2 | 0 | |a závierka účtovná |
| 610 | 2 | 0 | |a informácie účtovné |
| 100 | 1 | |a Mokošová, Daša, 1979- | |